Inflation control : Myth or reality?

Bewaard in:
Bibliografische gegevens
Formaat: Boek
Taal:Undetermined
Gepubliceerd in: New York National Association of Manufacturers 1969
Onderwerpen:
Tags: Voeg label toe
Geen labels, Wees de eerste die dit record labelt!
Thư viện lưu trữ: Trung tâm Học liệu Trường Đại học Cần Thơ
LEADER 00453nam a2200169Ia 4500
001 CTU_79904
008 210402s9999 xx 000 0 und d
082 |a 332.41 
082 |b I.43 
245 0 |a Inflation control : 
245 0 |b Myth or reality? 
260 |a New York 
260 |b National Association of Manufacturers 
260 |c 1969 
650 |a Inflation 
904 |i Trọng Hải 
980 |a Trung tâm Học liệu Trường Đại học Cần Thơ